Zespoły F1 Według Logo - Statystyki

Ogólne statystyki
  • Ten quiz został rozwiązany 174 razy
  • Średni wynik to 8 z 10
Statystyki odpowiedzi
Obrazkowy Odpowiedź % Poprawnych
Mercedes
100%
Red Bull
100%
Ferrari
99%
McLaren
92%
Aston Martin
90%
Alpine
79%
Haas
79%
Williams
76%
Stake
74%
RB
61%
Nie znaleziono quizów pasujących do podanych kryteriów
Rozkład punktacji
Procent ludzi z każdym wynikiem
Percentyl według liczby udzielonych odpowiedzi
Twoja historia wyników
Nie rozwiązałeś tego quizu